000 00703nam a2200205Ia 4500
999 _c37576
_d37576
001 3546
003 GE_BSU
005 20190528183524.0
008 181216s1987|||| |||||||||||||| ||geo||
040 _cGE_BSU
041 _ageo
080 _a544(075.8) ბ -52
100 _aბერეჟიანი, ლ
_91762
245 _aფიზიკური ქიმიის კურსი : სახელმძღვ. /
_cლ. ბერეჟიანი.
264 _aთბილისი :
_bგანათლება,
_c1987.
300 _a502 გვ .:
_c22 სმ.
653 _aფიზიკური ქიმიის კურსი
653 _aქიმია
942 _cBK
_2udc